000 00534cab a2200205 4500
001 X709
008 090401t1993 xxu||||| |||| 00| 0 eng d
035 _a(Sirsi) u67153
041 _aeng
245 _aRICS and livestock auctioneering
260 _c1993
350 _a0
490 _aCS Monthly : Rural Practice
_v2(8) May 1993, 13(1)
650 _aLIVESTOCK AUCTIONEERING SKILLS PANEL
650 _aLIVESTOCK AUCTIONS
650 _aRURAL MARKET PANEL
690 _aAuctioneering
_96218
942 _n0
948 _c04/03/1997
999 _c42019
_d42019